Normal view
MARC view
- الظاهر، قحطان احمد
Entry Personal Name
001 - CONTROL NUMBER
- control field: 60578
003 - CONTROL NUMBER IDENTIFIER
- control field: JO-AjAnu
005 - DATE AND TIME OF LATEST TRANSACTION
- control field: 20230606083912.0
008 - FIXED-LENGTH DATA ELEMENTS
- fixed length control field: 230606|| aca||aabn | a|a d
040 ## - CATALOGING SOURCE
- Original cataloging agency: JO-AjAnu
- Transcribing agency: JO-AjAnu
100 ## - HEADING--PERSONAL NAME
- Personal name: الظاهر، قحطان احمد
670 ## - SOURCE DATA FOUND
- Source citation: Work cat.: (JO-AjAnu)30892: الظاهر، قحطان احمد , author, مصطلحات ونصوص انجليزية في التربية الخاصة=English Terms and texts in Special Education